| 000 | 00746cam a2200241 4500 | ||
|---|---|---|---|
| 008 | 000000n2004 000 0 eng u | ||
| 020 | _a0421842601 | ||
| 035 | _a(Sirsi) u121679 | ||
| 041 | _aeng | ||
| 050 |
_a346.4102 _c18 |
||
| 245 | _aChitty on contracts | ||
| 250 | _a29th ed. | ||
| 260 |
_aLondon _bSweet and Maxwell _c2004 |
||
| 300 |
_a2 v. (ccclii, 1967; cccxxxiv, 1785p.) _c25cm. |
||
| 350 | _a330 | ||
| 490 | _aSweet and Maxwell Common Law Library | ||
| 520 | _aThe 29th edition of this two volume work deals with all aspects of contract law, including general principles and specific contracts. | ||
| 650 | _aCONTRACT LAW | ||
| 650 |
_aContracts _96232 |
||
| 690 | _aLAW | ||
| 700 |
_aBeale, H.G. _xEditor |
||
| 942 | _n0 | ||
| 999 |
_c102707 _d102707 |
||